00801nam a22002297a 450000500170000001000130001702000100003003500130004003700160005304000120006908200150008124500920009626000410018827000600022930000260028965000220031565000410033770000260037894200240040499900190042895201240044720170124110155.0 aB-079283 c00.00 aB-079283 bCen Lib/Ret aDPLbEN a070.4bBRE aBreaking the big story :cedited by B. G. Verghesebgreat moments in India journalism / aNew DelhibPenguin Books Indiac2003 a11 Community Centre, Panchsheel ParkbNew Delhie110017 ax1ix,153p. c22cm(Hb) aJournalism934973 aJournalism--Political aspects934974 aVerghese, B. G934975 2ddccENh070.4mBRE c132518d132518 00104070aLbLd2015-07-22eCen Lib/Ret g0.00l0o070.4 BREpB-079283r2015-07-22 00:00:00t1v0.00w2015-07-22yEN